000 00854nas a2200277 4500
001 BR0502838
003 BR-BrBNA
005 20231205105408.0
007 ta
008 230509b bl.|||p| |||| 00| 00por d
040 _aBR-BrBNA
_bpor
_cBiblioteca Nacional de Agricultura
041 _a(En)
072 _aH20
100 1 _aHenz, G.P.
100 1 _aReifschneider, F.J.B.
100 1 _aSantos, F.F. dos
245 1 _aReaction of arracacha genotypes to the root soft rot caused by Pectobacterium chrysanthemi
650 _aMANDIOQUINHA-SALSA
650 _aGENÓTIPO
650 _aRESISTÊNCIA GENÉTICA
650 _aPODRIDÃO MOLE
650 _aDOENÇA
773 0 _tPesquisa Agropecuária Brasileira (Brazil)
_xISSN 0100-204X
_g(Jan 2005), v. 40(1) p. 95-98
_wBR0502838
909 _a202311
_bLúcia
_c55
_dLúcia Elande
942 _2AGRIS
_n0
_cANA
999 _c182750
_d182750